Statistics for Genshin Impact Locations

Click here to take the quiz!

General Stats

  • This quiz has been taken 62 times
    (35 since last reset)
  • The average score is 15 of 182

Answer Stats

RegionSpecific Location% Correct
Starfell ValleyMondstadt
89%
Court of Fontaine RegionCourt of Fontaine
37%
Sea of CloudsLiyue Harbor
37%
Brightcrown MountainsStormterror's Lair
37%
Avidya ForestSumeru City
37%
Galesong HillDadaupa Gorge
32%
Bishui PlainQingce Village
32%
Windwail HighlandSpringvale
32%
Starfell ValleyWindrise
32%
Court of Fontaine RegionOpera Epiclese
26%
Starfell ValleyStormbearer Mountains
26%
Land of Lower SetekhAaru Village
21%
Starfell ValleyCider Lake
21%
Narukami IslandInazuma City
21%
Narukami IslandKonda Village
21%
Bishui PlainStone Gate
21%
Windwail HighlandDawn Winery
16%
Narukami IslandKamisato Estate
16%
Erinnyes ForestLumidouce Harbor
16%
MinlinMount Aocang
16%
Galesong HillMusk Reef
16%
Ardravi ValleyPort Ormos
16%
Narukami IslandRitou
16%
Bishui PlainSal Terrae
16%
Seirai IslandSeiraimaru
16%
Starfell ValleyStarfell Lake
16%
Starfell ValleyStarsnatch Cliff
16%
Starfell ValleyStormbearer Point
16%
KannazukaTatarasuna
16%
Ardravi ValleyVimara Village
16%
Bishui PlainWangshu Inn
16%
Starfell ValleyWhispering Woods
16%
Windwail HighlandWolvendom
16%
The Chasm: Underground MinesAd-Hoc Main Tunnel
11%
Seirai IslandAmakumo Peak
11%
Narukami IslandAraumi
11%
Watatsumi IslandBourou Village
11%
Brightcrown MountainsBrightcrown Canyon
11%
Narukami IslandByakko Plain
11%
Galesong HillCape Oath
11%
Ashavan RealmCaravan Ribat
11%
Tsurumi IslandChirai Shrine
11%
LishaDunyu Ruins
11%
DragonspineEntombed City- Outskirts
11%
Starfell ValleyFalcon Coast
11%
Yashiori IslandFort Fujitou
11%
Seirai IslandFort Hiraumi
11%
Avidya ForestGandharva Ville
11%
Narukami IslandGrand Narukami Shrine
11%
Yashiori IslandHigi Village
11%
Narukami IslandJinren Island
11%
Lokapala JungleMawtiyima Forest
11%
MinlinMount Hulao
11%
Tsurumi IslandMount Kanna
11%
Narukami IslandMount Yougou
11%
KannazukaNazuchi Beach
11%
Ashavan RealmPardis Dhyai
11%
Belleau RegionPoisson
11%
Chenyu Vale: Upper ValeQiaoying Village
11%
MinlinQingyun Peak
11%
Beryl RegionRomaritime Harbor
11%
DragonspineStarglow Cavern
11%
Hypostyle DesertThe Dune of Elusion
11%
EnkanomiyaThe Narrows
11%
Starfell ValleyThousand Winds Temple
11%
Erinnyes ForestWeeping Willow of the Lake
11%
Bishui PlainWuwang Hill
11%
Chenyu Vale: Upper ValeYilong Wharf
11%
Narukami IslandAmakane Island
5%
Ashavan RealmApam Woods
5%
Seirai IslandAsase Shrine
5%
Tsurumi IslandAutake Plains
5%
Avidya ForestChatrakam Cave
5%
Narukami IslandChinju Forest
5%
The ChasmCinnabar Cliff
5%
MinlinCuijue Slope
5%
EnkanomiyaDainichi Mikoshi
5%
Bishui PlainDihua Marsh
5%
Beryl RegionElynas
5%
DragonspineEntombed City - Ancient Palace
5%
Yashiori IslandFort Mumei
5%
Waterways of FontaineFortress of Meropide
5%
Court of Fontaine RegionFountain of Lucine
5%
The ChasmFuao Vale
5%
Qiongji EstuaryGuili Plains
5%
Sea of CloudsGuyun Stone Harbor
5%
Realm of FarakhkertHills of Barsom
5%
MinlinHuaguang Stone Forest
5%
Chenyu Vale: Upper ValeJademouth
5%
Yashiori IslandJakotsu Mine
5%
MinlinJueyun Karst
5%
Seirai IslandKoseki Village
5%
KannazukaKujou Encampment
5%
Erinnyes ForestLoch Urania
5%
The ChasmLumberpick Valley
5%
Qiongji EstuaryMingyun Village
5%
Liffey RegionMont Esus East
5%
Tsurumi IslandMoshiri Ceremonial Site
5%
Yashiori IslandMusoujin Gorge
5%
MinlinNantianmen
5%
Tsurumi IslandOina Beach
5%
Vissudha FieldOld Vanarana
5%
LishaQingxu Pool
5%
Waterways of FontaineSalacia Plain
5%
Watatsumi IslandSangonomiya Shrine
5%
Yashiori IslandSerpent's Head
5%
Tsurumi IslandShirikoro Peak
5%
DragonspineSkyfrost Nail
5%
DragonspineSnow-Covered Path
5%
Watatsumi IslandSuigetsu Pool
5%
Desert of HadramavethTanit Camps
5%
Chenyu Vale: Southern MountainTeatree Slope
5%
The ChasmThe Chasm's Maw
5%
Hypostyle DesertThe Dune of Carouses
5%
Hypostyle DesertThe Dune of Magma
5%
Hypostyle DesertThe Mausoleum of King Deshret
5%
Lokapala JungleThe Palace of Alcazarzaray
5%
EnkanomiyaThe Serpent's Bowels
5%
EnkanomiyaThe Serpent's Heart
5%
The ChasmThe Surface
5%
MinlinTianqiu Valley
5%
Tsurumi IslandWakukau Shoal
5%
DragonspineWyrmrest Valley
5%
Qiongji EstuaryYaoguang Shoal
5%
Land of Lower SetekhAbdju Pit
0%
Realm of FarakhkertAsipattravana Swamp
0%
Fontaine Research InstituteCentral Laboratory Ruins
0%
Waterways of FontaineChemin de L'Espoir
0%
Avidya ForestChinvat Ravine
0%
Chenyu Vale: Southern MountainChizhang Wall
0%
Land of Lower SetekhDar al-Shifa
0%
Desert of HadramavethDebris of Panjvahe
0%
Ardravi ValleyDevantaka Mountain
0%
Desert of HadramavethDunes of Steel
0%
Belleau RegionEast Slopes of Automnequi
0%
Waterways of FontaineElton Trench
0%
EnkanomiyaEvernight Temple
0%
Vissudha FieldFane of Ashvattha
0%
Erinnyes ForestFoggy Forest Path
0%
Morte RegionFort Charybdis Ruins
0%
Avidya ForestGandha Hill
0%
Gavireh LajavardGate of Zulqarnain
0%
The ChasmGlaze Peak
0%
Land of Lower SetekhKhaj-Nisut
0%
Hypostyle DesertKhemenu Temple
0%
EnkanomiyaKunado's Locus
0%
LishaLingju Pass
0%
Qiongji EstuaryLuhua Pool
0%
The Chasm: Underground MinesMain Mining Area
0%
Court of Fontaine RegionMarcotte Station
0%
Desert of HadramavethMount Damavand
0%
LishaMount Tianheng
0%
Watatsumi IslandMouun Shrine
0%
Chenyu Vale: Upper ValeMt. Lingmeng
0%
Chenyu Vale: Southern MountainMt. Xuanlian
0%
The Chasm: Underground MinesNameless Ruins
0%
Fontaine Research InstituteNew Fontaine Research Institute
0%
Desert of HadramavethPassage of Ghouls
0%
Desert of HadramavethQusayr Al-Inkhida'
0%
Ashavan RealmRuins of Dahri
0%
Gavireh LajavardSamudra Coast
0%
Land of Lower SetekhSobek Oasis
0%
The Chasm: Underground MinesStony Halls
0%
Gavireh LajavardTemir Mountains
0%
Waterways of FontaineThalatta Submarine Canyon
0%
The Chasm: Underground MinesThe Glowing Narrows
0%
Desert of HadramavethThe Sands of Al-Azif
0%
Desert of HadramavethThe Sands of Three Canals
0%
The Chasm: Underground MinesThe Serpent's Cave
0%
Desert of HadramavethThe Temples Forsaken
0%
The ChasmTiangong Gorge
0%
Gavireh LajavardTuniji Hollow
0%
The Chasm: Underground MinesUnderground Waterway
0%
Land of Upper SetekhValley of Dahri
0%
Desert of HadramavethWadi Al-Maiuj
0%
Belleau RegionWest Slopes of Automnequi
0%
Desert of HadramavethWounded Shin Valley
0%
EnkanomiyaYachimatahiko's Locus
0%
EnkanomiyaYachimatahime's Locus
0%
Chenyu Vale: Southern MountainYaodie Valley
0%
Ashavan RealmYasna Monument
0%
Avidya ForestYazadaha Pool
0%

Score Distribution

Percentile by Number Answered

Percent of People with Each Score

Your Score History

You have not taken this quiz since the last reset